Banking: (Record no. 210892)
[ view plain ]
| 000 -LEADER | |
|---|---|
| fixed length control field | 00757nam a2200241Ia 4500 |
| 003 - CONTROL NUMBER IDENTIFIER | |
| control field | OSt |
| 005 - DATE AND TIME OF LATEST TRANSACTION | |
| control field | 20220118144647.0 |
| 008 - FIXED-LENGTH DATA ELEMENTS--GENERAL INFORMATION | |
| fixed length control field | 210716s2017 xx 000 0 und d |
| 020 ## - INTERNATIONAL STANDARD BOOK NUMBER | |
| International Standard Book Number | 97893514258077 |
| 040 ## - CATALOGING SOURCE | |
| Transcribing agency | AIMIT LIBRARY |
| 041 ## - LANGUAGE CODE | |
| Language code of text/sound track or separate title | eng |
| 082 ## - DEWEY DECIMAL CLASSIFICATION NUMBER | |
| Classification number | 332.12 |
| Edition number | 1 |
| Item number | PRAK |
| 100 ## - MAIN ENTRY--PERSONAL NAME | |
| Personal name | Prasad, K Nirmala; Chandradass, J. |
| 9 (RLIN) | 13557 |
| 245 ## - TITLE STATEMENT | |
| Title | Banking: |
| Remainder of title | theory law and practice / |
| Statement of responsibility, etc. | by K.Nirmala Prasad and J. Chandradass. |
| 250 ## - EDITION STATEMENT | |
| Edition statement | 1st. ed. - |
| 260 ## - PUBLICATION, DISTRIBUTION, ETC. | |
| Place of publication, distribution, etc. | New Delhi: |
| Name of publisher, distributor, etc. | Himalaya Publishing House, |
| Date of publication, distribution, etc. | 2017. |
| 300 ## - PHYSICAL DESCRIPTION | |
| Extent | vii,262p. ;21.5cm |
| 650 ## - SUBJECT ADDED ENTRY--TOPICAL TERM | |
| Topical term or geographic name entry element | Origin and Kinds of Bank |
| 9 (RLIN) | 13562 |
| 650 ## - SUBJECT ADDED ENTRY--TOPICAL TERM | |
| Topical term or geographic name entry element | Electronic Banking |
| 9 (RLIN) | 13563 |
| 650 ## - SUBJECT ADDED ENTRY--TOPICAL TERM | |
| Topical term or geographic name entry element | Banker and Customer |
| 9 (RLIN) | 13564 |
| 700 ## - ADDED ENTRY--PERSONAL NAME | |
| Personal name | Chandradass, J. |
| 9 (RLIN) | 13558 |
| 942 ## - ADDED ENTRY ELEMENTS (KOHA) | |
| Source of classification or shelving scheme | Dewey Decimal Classification |
| Koha item type | Book |
| Edition | 1st |
| Call number prefix | 332.12 PRAK |
| Withdrawn status | Lost status | Source of classification or shelving scheme | Damaged status | Not for loan | Collection code | Home library | Current library | Date acquired | Cost, normal purchase price | Inventory number | Total Checkouts | Full call number | Barcode | Date last seen | Cost, replacement price | Price effective from | Koha item type |
|---|---|---|---|---|---|---|---|---|---|---|---|---|---|---|---|---|---|
| Dewey Decimal Classification | MBA | St Aloysius Institute of Management & Information Technology | St Aloysius Institute of Management & Information Technology | 03/02/2019 | 275.00 | Bill no:5178; Bill dt:2019-02-26 | 332.12 PRAK | MBA13460 | 05/23/2026 | 220.00 | 07/16/2021 | Book |